Statistics for MLB All-Star Centers Fielders since 1986

Click here to take the quiz!

General Stats

  • This quiz has been taken 46 times
    (33 since last reset)
  • The average score is 20 of 74

Answer Stats

Answer% Correct
Ken Griffey Jr.
81%
Adam Jones
75%
Andruw Jones
75%
Mike Trout
75%
Bernie Williams
69%
Kenny Lofton
69%
Brady Anderson
56%
Dave Henderson
56%
Jim Edmonds
56%
Preston Wilson
56%
Rickey Henderson
56%
Carlos Beltran
50%
Chili Davis
50%
Eric Davis
50%
Lance Johnson
50%
Chris Young
44%
George Springer
44%
Josh Hamilton
44%
Kirby Puckett
44%
Jacoby Ellsbury
38%
Johnny Damon
38%
Lance Berkman
38%
Lenny Dykstra
38%
Matt Kemp
38%
Andrew McCutchen
31%
Curtis Granderson
31%
Devon White
31%
Jackie Bradley Jr.
31%
Julio Rodriguez
31%
Marquis Grissom
31%
Torii Hunter
31%
Andre Dawson
25%
Chris Taylor
25%
Ellis Burks
25%
Grady Sizemore
25%
Mike Cameron
25%
Randy Wynn
25%
Ronald Acuna Jr.
25%
Aaron Rowand
19%
Byron Buxton
19%
Cedric Mullins
19%
Charlie Blackmon
19%
Dale Murphy
19%
Darrin Erstad
19%
Tony Gwynn
19%
Vernon Wells
19%
Willie McGee
19%
Andy VanSlyke
13%
Brett Butler
13%
Bryan Reynolds
13%
Carl Everett
13%
Carlos Gomez
13%
Gary Matthews
13%
Lloyd Moseby
13%
Michael Bourn
13%
Shane Victorino
13%
Adolis Garcia
6%
Dexter Fowler
6%
Joc Pederson
6%
Lorenzo Cain
6%
Marcell Ozuna
6%
Marlon Byrd
6%
Nate McLouth
6%
Odubel Herrera
6%
Roberto Kelly
6%
Steve Finley
6%
A.J. Pollack
0%
Brian Giles
0%
David Dahl
0%
Ender Inciarte
0%
Ian Desmond
0%
Joey Gallo
0%
Michael Conforto
0%
Ray Lankford
0%

Score Distribution

Percentile by Number Answered

Percent of People with Each Score

Your Score History

You have not taken this quiz since the last reset